Statistics for General Geography Quiz

Click here to take the quiz!

General Stats

  • This quiz has been taken 55 times
  • The average score is 6 of 12

Answer Stats

HintAnswer% Correct
Most populous US stateCalifornia
94%
Capital city of ArkansasLittle Rock
70%
Longest river in AustraliaMurray
68%
Capital city of HondurasTegucigalpa
66%
Capital city of East TimorDili
64%
Largest nation by surface area bordering Equatorial GuineaCameroon
56%
Most populous city in India beginning with the letter 'A'Ahmedabad
44%
Country containg the city of Novi SadSerbia
42%
Tallest mountain in South AmericaAconcagua
38%
Largest Federal Subject of Russia by surface areaSakha
10%
Largest Indonesian island beginning with the letter 'L'Lombok
8%
Chinese province containing the city of UrumqiXinjiang Uyghur
4%

Score Distribution

Percentile by Number Answered

Percent of People with Each Score

Your Score History

You have not taken this quiz